Casos practicos Elaborados con indicadores estimados para 2012

Bibliographic Details
Format: eBook
Language:Spanish
Published: Mx̌ico D.F. : Ediciones Fiscales ISEF, 2012
Subjects:
Online Access:http://www.vlex.com/source/10967

MARC

LEADER 00000nam a22000007a 4500
005 20130402191341.0
007 cr|||| ||||
008 130402e2012 mx |||||s|||| 00||0 spa d
035 |a 10967 
040 |a vLex 
090 |c 4104  |d 4104 
245 0 0 |a Casos practicos  |b Elaborados con indicadores estimados para 2012  |h [Recurso electrn̤ico]  
256 |a Servicio en ln̕ea 
260 |a Mx̌ico D.F. :  |b Ediciones Fiscales ISEF,   |c 2012 
300 |a 1 Recurso electrn̤ico 
506 |a Contenido solo disponible en los productos indicados  |d vLex Global  |d vLex Global (Academic Edition, excluding Law Schools)  |d vLex Global (U.S. Academic Edition, Law Schools)  |d vLex Global (U.S. Academic Edition, excluding Law Schools)  |d vLex Global (Academic Edition, Law Schools) 
650 0 4 |a Derecho tributario  |z Mx̌ico 
650 0 4 |a Salarios  |z Mx̌ico 
650 0 4 |a Derecho laboral y Seguridad Social  |z Mx̌ico 
740 |a vLex Libros (Servicio en ln̕ea) 
856 |a Acceso restringido  |u http://www.vlex.com/source/10967 
942 |c BOOK 
999 0 |a Taxation